| 000 | 00685nam a2200229Ia 4500 | ||
|---|---|---|---|
| 003 | GCL | ||
| 008 | 140319s9999 xx 000 0 ara d | ||
| 040 |
_aGCL / _cGCL |
||
| 082 | 0 | 4 |
_a404 _bب ا |
| 100 | 1 | _aبرتيل مالمبرج | |
| 245 | 1 | 0 |
_aالصوتيات / _cبرتيل مالمبرج |
| 700 | 1 | _aمحمد حلمى هليل (مترجم) | |
| 260 |
_a[S.N] : _bعين للدراسات والبحوث الانسانية والاجتماعية ، _c1994 |
||
| 300 | _a273 ص | ||
| 490 | _a | ||
| 650 | 0 | 4 | _aاللغات |
| 650 | 0 | 4 | _aالاصوات اللغوية |
| 650 | 0 | 4 | _aالصوت |
| 650 | 0 | 4 | _aالكلام |
| 650 | 0 | 4 | _aالصوتيات |
| 942 |
_2ddc _cBK |
||
| 999 |
_c58834 _d58834 |
||